Mis primeras historias de la Biblia/ (Registro nro. 56860)

Detalles MARC
000 -CABECERA
Longitud fija campo de control 01282nam a2200325 i 4500
003 - • IDENTIFICADOR DELl NÚMERO DE CONTROL
Identificador del número de control CO-BoRNBP
005 - • FECHA Y HORA DE LA ÚLTIMA TRANSACCIÓN
Fecha y hora de la última transacción 20250131095158.0
007 - • CAMPO FIJO DE DESCRIPCIÓN FÍSICA
Campo fijo de descripción física ta
008 - • CÓDIGOS DE INFORMACIÓN DE LONGITUD FIJA
Códigos de información de longitud fija 250131s2019 Uy a|||| |||| 00| 0 spa d
020 ## - • NÚMERO INTERNACIONAL NORMALIZADO PARA LIBROS
Número Internacional Normalizado para Libros (ISBN) 9789974904248
040 ## - FUENTE DE LA CATALOGACIÓN
Centro catalogador de origen CO-BoRNBP
Lengua de catalogación spa
Centro transcriptor CO-BoRNBP
Normas de descripción rda
082 ## - • NÚMERO DE LA CLASIFICACIÓN DECIMAL DEWEY
Número de edición Primera edición
084 ## - • Clasificación Local Alfanúmerica PNLB
Número de clasificación R 220.9505 J69b
100 1# - • PUNTO DE ACCESO PRINCIPAL-NOMBRE DE PERSONA
Nombre de persona Joyce, Melanie
Término indicativo de función autor
245 1# - • TITULO PROPIAMENTE DICHO
Título Mis primeras historias de la Biblia/
Mención de responsabilidad, etc. Melanie Joyce; traducción al español, Equipo Editorial Latinbooks; ilustraciones, Lynn Horrabin
250 ## - • MENCIÓN DE EDICIÓN
Mención de edición Primera edición
264 #4 - PRODUCCIÓN, PUBLICACIÓN , DISTRIBUCIÓN, FABRICACIÓN Y COPYRIGHT
Lugar de producción, publicación, distribución, fabricación Montevideo, Uruguay,
Nombre del productor, editor, distribuidor, fabricante ©Latinbooks International S.A.
Fecha de de producción, publicación, distribución, fabricación o copyright 2019
300 ## - • DESCRIPCIÓN FÍSICA
Extensión 24 páginas,
Otras características físicas ilustraciones a color, tapa dura,
Dimensiones alto 20 cm ancho 20 cm
336 ## - TIPO DE CONTENIDO
Fuente rdacontent
Término de tipo de contenido texto
Código de tipo de contenido txt
337 ## - TIPO DE MEDIO
Fuente rdamedia
Nombre del tipo de medio sin mediación
Código del tipo de medio n
338 ## - TIPO DE SOPORTE
Fuente rdacarrier
Nombre del tipo de soporte volumen
Código del tipo de soporte nc
490 ## - • MENCIÓN DE SERIE
Mención de serie Luna Azul
Nombre de la parte/sección (NR) Alma
520 ## - • NOTA DE RESUMEN
Resumen, etc, Dos bellos títulos que recopilan diferentes relatos bíblicos y permiten que los más pequeños tengan un primer acercamiento a la fe.
650 ## - • PUNTO DE ACCESO ADICIONAL DE MATERIA - TÉRMINO DE MATERIA
Fuente del encabezamiento o término LEMB
Término de materia o nombre geográfico como elemento inicial Literatura infantil
650 ## - • PUNTO DE ACCESO ADICIONAL DE MATERIA - TÉRMINO DE MATERIA
Fuente del encabezamiento o término LEMB
Término de materia o nombre geográfico como elemento inicial Biblia para niños
650 ## - • PUNTO DE ACCESO ADICIONAL DE MATERIA - TÉRMINO DE MATERIA
Fuente del encabezamiento o término LEMB
Término de materia o nombre geográfico como elemento inicial Historias de la Biblia
650 ## - • PUNTO DE ACCESO ADICIONAL DE MATERIA - TÉRMINO DE MATERIA
Fuente del encabezamiento o término LEMB
Término de materia o nombre geográfico como elemento inicial Religión
700 ## - • PUNTO DE ACCESO ADICIONAL - NOMBRE DE PERSONA
Nombre de persona Horrabin, Lynn
Término indicativo de función ilustraciones
942 ## - ENTRADA DE ELEMENTOS AGREGADOS (KOHA)
Fuente de clasificaión o esquema Dewey Decimal Classification
Koha [por defecto] tipo de item Libro Referencia
Existencias
Perdido Fuente de clasificación o esquema Estado Físico No para préstamo Forma de adquisición Localización permanente Localización actual Localización en estanterías Fecha adquisición Préstamos totales Signatura completa Código de barras Fecha última consulta Número de copia Fecha del precio de reemplazo Tipo de item de Koha
  Dewey Decimal Classification     Infantil Biblioteca Pública Guamal Biblioteca Pública Guamal Sala Infantil 12/09/2024   R 220.9505 J69b GUA004707 01/31/2025 Ej.1 01/31/2025 Libro Referencia
  Dewey Decimal Classification     Infantil Biblioteca Pública Guamal Biblioteca Pública Guamal Sala Infantil 12/09/2024   R 220.9505 J69b GUA004708 01/31/2025 Ej.1 01/31/2025 Libro Referencia









Instituto Departamental de Cultura del Meta - Red Departamental de Bibliotecas Públicas del Meta.